000 00223 a2200109 4500
020 _a9789367134092
100 _aI. M. Pandey
245 _aFinancial management
250 _a13th
260 _bPearson
_c2026
942 _cOO
999 _c115237
_d115236